Loading...
| Mythology | 0 | 3 | 1 | 0 | 25 | 48 | 83.33 | 0 | 1 |
| Fine Arts - Classical Music | 0 | 2 | 0 | 1 | 20 | 131 | 134.00 | 0 | 0 |
| Literature - European Literature | 0 | 1 | 0 | 0 | 10 | 128 | 128.00 | 0 | 0 |
| Fine Arts - Other Fine Arts | 0 | 1 | 0 | 0 | 10 | 41 | 41.00 | 1 | 1 |
| Fine Arts - Visual Fine Arts | 0 | 1 | 0 | 1 | 10 | 124 | 124.00 | 0 | 0 |
| Philosophy | 0 | 1 | 1 | 0 | 5 | 139 | 139.00 | 0 | 0 |
| Religion | 0 | 1 | 1 | 0 | 5 | 65 | 65.00 | 1 | 1 |
| Science - Physics | 0 | 2 | 3 | 0 | 5 | 67 | 75.50 | 0 | 1 |
| Literature - British Literature | 0 | 0 | 0 | 0 | 0 | 0.00 | 0 | 0 | |
| Science - Chemistry | 0 | 1 | 2 | 0 | 0 | 117 | 117.00 | 0 | 0 |
| Literature - World/Other Literature | 0 | 0 | 0 | 0 | 0 | 0.00 | 0 | 0 | |
| History - Other History | 0 | 0 | 0 | 0 | 0 | 0.00 | 0 | 0 | |
| Pop Culture | 0 | 0 | 1 | 0 | -5 | 0.00 | 0 | 0 | |
| Social Science | 0 | 0 | 1 | 0 | -5 | 0.00 | 0 | 0 | |
| Science - Other Science | 0 | 0 | 2 | 0 | -10 | 0.00 | 0 | 0 | |
| Science - Biology | 0 | 0 | 2 | 0 | -10 | 0.00 | 0 | 0 |